[Event "Karl Mala Memorial op-B 16th"]
[Site "Frankfurt"]
[Date "2013.07.14"]
[Round "6"]
[White "Albrecht, Klaus Dieter"]
[Black "Kaulbars, Pascal"]
[Result "0-1"]
[WhiteElo "1183"]
[BlackElo "1612"]
[PlyCount "70"]
[EventDate "2013.07.11"]
[EventType "swiss"]
[EventRounds "7"]
[EventCountry "GER"]
[SourceTitle "CBM 155 Extra"]
[Source "ChessBase"]
[SourceDate "2013.08.26"]
[SourceVersion "1"]
[SourceVersionDate "2013.08.26"]
[SourceQuality "1"]

1. e4 Nf6 2. Nc3 d6 3. d4 c5 4. d5 g6 5. Bg5 Bg7 6. h3 Qa5 7. Bd2 Qb4 8. Bd3 Nfd7 9. Qc1 c4 10. a3 Qc5 11. Na4 Qb5 12. Nc3 Qa6 13. Be2 b5 14. b4 Nb6 15. Ra2 Na4 16. Nxa4 Qxa4 17. c3 0-0 18. Bd1 Qa6 19. Bh6 f5 20. Bxg7 Kxg7 21. exf5 Bxf5 22. Bg4 Nd7 23. Bxf5 Rxf5 24. Nf3 Ne5 25. 0-0 Nxf3+ 26. gxf3 Rxf3 27. Re2 Qb7 28. Qg5 Re8 29. Qg4 Qxd5 30. Kh2 Qd3 31. Rfe1 Rf7 32. f4 e5 33. Re3 Qf5 34. Qxf5 Rxf5 35. Kg3 exf4+ 0-1

[Event "Karl Mala Memorial op-B 16th"]
[Site "Frankfurt"]
[Date "2013.07.11"]
[Round "1"]
[White "Lehmann, Gerit"]
[Black "Albrecht, Klaus Dieter"]
[Result "1-0"]
[WhiteElo "1685"]
[BlackElo "1183"]
[PlyCount "47"]
[EventDate "2013.07.11"]
[EventType "swiss"]
[EventRounds "7"]
[EventCountry "GER"]
[SourceTitle "CBM 155 Extra"]
[Source "ChessBase"]
[SourceDate "2013.08.26"]
[SourceVersion "1"]
[SourceVersionDate "2013.08.26"]
[SourceQuality "1"]

1. d4 d5 2. c4 Bf5 3. Qb3 Bxb1 4. Rxb1 Nc6 5. cxd5 Nb8 6. Qxb7 Nd7 7. Bf4 e5 8. dxe6 Nb6 9. exf7+ Kxf7 10. Qxc7+ Qd7 11. Qxd7+ Nxd7 12. Rc1 Ngf6 13. a3 Be7 14. e3 Nb6 15. Ba6 Rhd8 16. Nf3 Re8 17. 0-0 Nh5 18. Be5 h6 19. h3 Kf8 20. Rc2 Nd7 21. Bh2 Nhf6 22. Rfc1 g5 23. Ne5 Nxe5 24. Bxe5 1-0

[Event "Karl Mala Memorial op 15th"]
[Site "Frankfurt"]
[Date "2012.07.06"]
[Round "2"]
[White "Kunkel, Wolfgang"]
[Black "Albrecht, Klaus Dieter"]
[Result "1-0"]
[WhiteElo "1734"]
[BlackElo "1180"]
[PlyCount "77"]
[EventDate "2012.07.05"]
[EventType "swiss"]
[EventRounds "7"]
[EventCountry "GER"]
[SourceTitle "CBM 149 Extra"]
[Source "ChessBase"]
[SourceDate "2012.08.24"]
[SourceVersion "1"]
[SourceVersionDate "2012.08.24"]
[SourceQuality "1"]

1. g4 e5 2. Bg2 Bc5 3. e3 Nf6 4. g5 Ng8 5. h4 d5 6. Nc3 Ne7 7. d4 exd4 8. exd4 Bb6 9. Be3 Be6 10. Nh3 Qd7 11. Nf4 Nbc6 12. Nxe6 Qxe6 13. Bh3 Nf5 14. Qd3 g6 15. 0-0-0 0-0-0 16. Ne2 Qe8 17. Bxf5+ gxf5 18. Qxf5+ Kb8 19. Nf4 Ne7 20. Qd3 Qa4 21. Kb1 Qc4 22. Qa3 Nf5 23. b3 Qc6 24. Ne2 Rhe8 25. Rh3 Nxe3 26. Rxe3 Rxe3 27. fxe3 Qe6 28. b4 Qg4 29. Qd3 Qxh4 30. a4 a5 31. bxa5 Bxa5 32. Qb5 Bb6 33. a5 c6 34. Qxb6 Qxg5 35. Rd3 Ka8 36. Rb3 Qe7 37. a6 bxa6 38. Qxa6+ Qa7 39. Qxc6+ 1-0